000 00720nam a2200289Ia 4500
005 20260324145302.0
008 008 260324s9999 xx 000 0 eng d
020 _a9781315495897
037 _aEBOOK
040 _aCRL
040 _beng
040 _cCRL
041 _2eng
041 _aeng
084 _qCRL
100 _aR.W. DeGrasse
_91222425
245 0 _aMilitary Expansion, Economic Decline
245 0 _bImpact of Military Spending on United States Economic Performance
260 _bTaylor and Francis
260 _c1983
365 _a
365 _b280
856 _uhttp://www.taylorfrancis.com/books/9781315495897
942 _cEBOOK
999 _c1830107
_d1830107